00227nam a2200073Ia 4500008004100000245005700041650002400098856003100122160329s9999 xx 000 0 und d aRobert C. Maynard Institute for Journalism Education aMass Communication. uhttp://www.maynardije.org/